Réglèments de sa majesté imperiale Catherine II : imperatrice & autocratrice de toutes les Russies &c. pour l'administration des gouvernements de l'empire de Russies /

Bibliographic Details
Corporate Author: Russia. Sovereign (1762-1796 : Catherine II)
Other Authors: Catherine II, Empress of Russia, 1729-1796
Format: Book
Language:French
Published: St. Petersbourg : J.J. Weitbrecht, 1778.
Subjects:

MARC

Tag First Indicator Second Indicator Subfields
LEADER 00000cam a2200000 a 4500
001 in00000012741
005 20151007051907.0
008 880323s1778 ur 00010 fre d
035 |a (OCoLC)17664931 
035 |9 AAA5317AM 
040 |a TXA  |c TXA  |d UtOrBLW 
043 |a e-ur--- 
049 |a TXAS  |c [A08598957] 
050 4 |a DK168  |b .R8 1778 
110 1 |a Russia.  |b Sovereign (1762-1796 : Catherine II) 
245 1 0 |a Réglèments de sa majesté imperiale Catherine II :  |b imperatrice & autocratrice de toutes les Russies &c. pour l'administration des gouvernements de l'empire de Russies /  |c traduit d'apres l'original Russe. 
264 1 |a St. Petersbourg :  |b J.J. Weitbrecht,  |c 1778. 
300 |a x, 2 unnumbered pages, 196 pages ;  |c 24 cm. 
336 |a text  |b txt  |2 rdacontent 
337 |a unmediated  |b n  |2 rdamedia 
338 |a volume  |b nc  |2 rdacarrier 
500 |a Spine title: Reglement pour l'administration de gouvernment de la Russie. 
650 0 |a Law  |z Soviet Union  |x Sources. 
650 0 |a Law reform  |z Soviet Union  |y 18th century. 
651 0 |a Russia  |x Politics and government  |y 1689-1801. 
700 0 |a Catherine  |b II,  |c Empress of Russia,  |d 1729-1796. 
740 0 |a Reglement pour l'administration de gouvernment de la Russie. 
999 |a MARS 
999 f f |s 5bf436c6-8d29-3ad4-a8e3-0b2d951f9852  |i 1c3933c1-c660-3db8-a8db-384b8241240e  |t 0 
952 f f |p noncirc  |a Texas A&M University  |b College Station  |c Cushing Memorial Library & Archives  |d Cushing: Rare Books (Does not check out)  |t 0  |e DK168 .R8 1778  |h Library of Congress classification  |i unmediated -- volume  |m A14808598957 
998 f f |a DK168 .R8 1778  |t 0  |l Cushing: Rare Books (Does not check out)